| 000 | 01099nam a2200337 i 4500 | ||
|---|---|---|---|
| 001 | 11867 | ||
| 003 | KOSZ 005 | ||
| 005 | 20220628142911.0 | ||
| 008 | 070327s1969 pl ab f |000 0 pol | ||
| 015 | _aPB 1969/5012 | ||
| 040 |
_aWA N _cWA N _dKOSZ 005/HR |
||
| 046 | _k1969 | ||
| 080 | _a338.1(091)(438) | ||
| 100 | 1 |
_aRusiński, Władysław _d(1911-1986) _eAutor |
|
| 245 | 1 | 0 |
_aRozwój gospodarczy ziem polskich w zarysie / _cWładysław Rusiński. |
| 250 | _aWyd. 2 przejrz. i uzup. | ||
| 260 |
_aWarszawa : _b"Książka i Wiedza", _c1969. |
||
| 300 |
_a501, [2] s. : _bmapy ; _c23 cm. |
||
| 380 | _aKsiążki | ||
| 388 | _a1901-2000 | ||
| 388 | _a1945-1989 | ||
| 504 | _aBibliogr. | ||
| 650 | 7 | _aHistoria gospodarcza | |
| 651 | 4 | _aPolska | |
| 655 | 4 | _aPodręcznik | |
| 658 | _aGospodarka, ekonomia, finanse | ||
| 658 | _aHistoria | ||
| 710 | 2 |
_aSpółdzielnia Wydawniczo-Handlowa "Książka i Wiedza" _4pbl. |
|
| 856 |
_uhttp://koha.tu.koszalin.pl/cgi-bin/koha/opac-detail.pl?biblionumber=11867 _yKatalog online BPK |
||
| 942 |
_2UKD _cKS |
||
| 999 |
_c11867 _d11867 |
||